Marina ; a dramatic romance. Being the Shakespearian portion of the tragedy of Pericles /

Bibliographic Details
Main Author: Shakespeare, William, 1564-1616
Other Authors: Wellwood, S.
Format: Book
Language:English
Published: [New York] : [AMS Press], [1974]

MARC

Tag First Indicator Second Indicator Subfields
LEADER 00000pam a2200000 4500
001 in00000487595
005 20151013055147.0
008 740628r19741902nyu 00000 eng
010 |a  71177860  
020 |a 0404069045 
035 |a (OCoLC)00978946 
035 |9 ACC4686AM 
040 |a DLC  |c DLC  |d TXA  |d UtOrBLW 
049 |a TXAM  |c [1532477] 
050 0 0 |a PR2830.A3  |b W4 1974 
082 0 |a 822.3/3 
100 1 |a Shakespeare, William,  |d 1564-1616. 
240 1 0 |a Pericles. Acts 4-5 
245 1 0 |a Marina ;  |b a dramatic romance. Being the Shakespearian portion of the tragedy of Pericles /  |c Edited by S. Wellwood. London, G. Richards, 1902. 
264 1 |a [New York] :  |b [AMS Press],  |c [1974] 
300 |a 47 pages ;  |c 23 cm. 
336 |a text  |b txt  |2 rdacontent 
337 |a unmediated  |b n  |2 rdamedia 
338 |a volume  |b nc  |2 rdacarrier 
700 1 |a Wellwood, S. 
999 |a MARS 
999 f f |s ded6b405-57c3-34bc-8065-d60e923e0a3a  |i db83fb5e-0588-31f1-80e7-589668e6763b  |t 0 
952 f f |p normal  |a Texas A&M University  |b College Station  |c Sterling C. Evans Library  |d Evans: Library Stacks  |t 0  |e PR2830.A3 W4 1974  |h Library of Congress classification  |i unmediated -- volume  |m A14803900719 
998 f f |a PR2830.A3 W4 1974  |t 0  |l Evans: Library Stacks